The Manila Galleon (Record no. 8173)

MARC details
000 -CABECERA
campo de control de longitud fija 01165nam a2200277 a 4500
001 - NÚMERO DE CONTROL
campo de control BRCA_8507
005 - FECHA Y HORA DE LA ÚLTIMA TRANSACCIÓN
campo de control 20190320210320.0
008 - DATOS DE LONGITUD FIJA--INFORMACIÓN GENERAL
campo de control de longitud fija 240616s2012----ph-ab#####---#000-0#spa-#
020 ## - NÚMERO INTERNACIONAL ESTÁNDAR DEL LIBRO
Número Internacional Estándar del Libro 9789719360483
041 ## - CÓDIGO DE LENGUA
Código de lengua del texto/banda sonora o título independiente spaeng
050 #4 - SIGNATURA TOPOGRÁFICA DE LA BIBLIOTECA DEL CONGRESO
Número de clasificación HE859
Número de documento/Ítem .M36 2012
245 10 - MENCIÓN DE TÍTULO
Título The Manila Galleon
Resto del título traversing the pacific = El Galeón de Manila : atravesando el pacífico
Mención de responsabilidad, etc. Edgardo J. Angara, Sonia Pinto Ner, editors ; translators, Fernando Moliné Royo ... [et al.].
260 ## - PUBLICACIÓN, DISTRIBUCIÓN, ETC.
Lugar de publicación, distribución, etc. Manila, Filipinas
Nombre del editor, distribuidor, etc. Rural Empowerment Assistance and Development (READ) Foundation
Fecha de publicación, distribución, etc. c2012
300 ## - DESCRIPCIÓN FÍSICA
Extensión 232 p.
Otras características físicas il. (algunas a color), mapas
Dimensiones 28 cm.
504 ## - NOTA DE BIBLIOGRAFÍA, ETC.
Nota de bibliografía, etc. Bibliografía : p. 222-227
546 ## - NOTA DE LENGUA/LENGUAJE
Nota de lengua/lenguaje Texto en : español e inglés
650 14 - PUNTO DE ACCESO ADICIONAL DE MATERIA--TÉRMINO DE MATERIA
Término de materia o nombre geográfico como elemento de entrada Transporte acuático
Subdivisión general Historia
Subdivisión geográfica España
9 (RLIN) 21330
650 14 - PUNTO DE ACCESO ADICIONAL DE MATERIA--TÉRMINO DE MATERIA
Término de materia o nombre geográfico como elemento de entrada Marina mercante
Subdivisión general Historia
Subdivisión geográfica España
9 (RLIN) 21331
651 #4 - PUNTO DE ACCESO ADICIONAL DE MATERIA--NOMBRE GEOGRÁFICO
Nombre geográfico España
Subdivisión general Comercio
Subdivisión geográfica Filipinas
9 (RLIN) 21332
651 #4 - PUNTO DE ACCESO ADICIONAL DE MATERIA--NOMBRE GEOGRÁFICO
Nombre geográfico Filipinas
Subdivisión general Comercio
Subdivisión geográfica España
9 (RLIN) 21333
700 1# - PUNTO DE ACCESO ADICIONAL--NOMBRE DE PERSONA
Nombre de persona Angara, Edgardo J.
Fechas asociadas al nombre 1934-
Término indicativo de función/relación ed.
9 (RLIN) 21334
700 1# - PUNTO DE ACCESO ADICIONAL--NOMBRE DE PERSONA
Nombre de persona Pinto Ner, Sonia
Término indicativo de función/relación ed.
9 (RLIN) 21335
700 1# - PUNTO DE ACCESO ADICIONAL--NOMBRE DE PERSONA
Nombre de persona Moliné Royo, Fernando
Término indicativo de función/relación tr.
9 (RLIN) 21336
740 0# - PUNTO DE ACCESO ADICIONAL--TÍTULO RELACIONADO O ANALÍTICO NO CONTROLADO
Título relacionado o analítico no controlado El Galeón de Manila : atravesando el pacífico
942 ## - ELEMENTOS DE PUNTO DE ACCESO ADICIONAL (KOHA)
Fuente del sistema de clasificación o colocación Library of Congress Classification
Tipo de ítem Koha Libros
Holdings
Estado de retiro Estado de pérdida Estado dañado No para préstamo Localización permanente Ubicación/localización actual Fecha de adquisición Total de préstamos Signatura topográfica completa Código de barras Fecha visto por última vez Precio válido a partir de Tipo de ítem Koha
El ejemplar forma parte de la colección y puede ser consultado según las políticas vigentes.       Biblioteca del Museo Franz Mayer (Rogerio Casas-Alatriste) Biblioteca del Museo Franz Mayer (Rogerio Casas-Alatriste) 24/06/2016   HE859 .M36 2012 02928 22/03/2019 22/03/2019 Libros